Aktuálna situácia a očakávaný vývoj v oblasti Start-up na Slovensku a Česku bakalárska práca

Na minha lista:
Detalhes bibliográficos
Autor principal: Trpková, Simona
Autor Corporativo: Národohospodárska fakulta EU. Katedra bankovníctva a medzinárodných financií
Outros Autores: Hudcovský, Jaroslav
Formato: Livro
Idioma:eslovaco
Publicado em: Bratislava 2017
Tags: Adicionar Tag
Sem tags, seja o primeiro a adicionar uma tag!

MARC

LEADER 00000nbm a2200000 4500
001 0233881
005 20180115154513.8
041 0 |a slo 
044 |a SK 
245 1 0 |a Aktuálna situácia a očakávaný vývoj v oblasti Start-up na Slovensku a Česku  |b bakalárska práca  |c Simona Trpková ; školiteľ: Jaroslav Hudcovský 
264 1 |a Bratislava  |c 2017 
300 |a 49 s. 
100 1 |a Trpková, Simona 
700 1 |a Hudcovský, Jaroslav 
710 2 |a Národohospodárska fakulta EU. Katedra bankovníctva a medzinárodných financií